Statistics for All One Direction Songs Scrambled

Click here to take the quiz!

General Stats

  • This quiz has been taken 33 times
  • The average score is 62 of 90

Answer Stats

ScrambledSong% Correct
8118
90%
eods eh knwodoes he know
90%
ohmehome
90%
fi i codlu yflif i could fly
90%
ellt em a iletell me a lie
90%
pu lla githnup all night
90%
ondt goreft eehrw yuo gleonbdont forget where you belong
86%
rgda em dnwodrag me down
86%
den fo eth dyaend of the day
86%
htrae tackatheart attack
86%
i nwtai want
86%
i tnaw ot eirwt ouy a gnsoi want to write you a song
86%
i ishwi wish
86%
i uodwli would
86%
digthnmi msimoeremidnight memories
86%
an an anna na na
86%
higtr wonright now
86%
crko merock me
86%
rstoy fo my ilfestory of my life
86%
yhet todn konw aoutb suthey dont know about us
86%
solvwewolves
86%
yuo nda iyou and i
86%
MAAM
81%
ltas rfsti iskslast first kiss
81%
seurmm leovsummer love
81%
hwat aesmk ouy belituufawhat makes you beautiful
81%
cta ym aegact my age
76%
cmno ncmocmon cmon
76%
i vshuelod ksdesi yuoi should've kissed you
76%
siks uoykiss you
76%
tlelit klcab rdesslittle black dress
76%
gonl ywa wdonlong way down
76%
vdleo oyu rtfsiloved you first
76%
moer hatn stihmore than this
76%
on tlnrcoono control
76%
neo yaw ro otearnhone way or another
76%
cfetperperfect
76%
easv ouy httgnoisave you tonight
76%
atsel ym rlgisteal my girl
76%
selot ym teahrstole my heart
76%
hyw ntdo ew og eerhtwhy dont we go there
76%
kcab rof uoyback for you
71%
rtebre ahtn odrswbetter than words
71%
agcehn ym nimdchange my mind
71%
taogt eb yuogotta be you
71%
lahf a ehrathalf a heart
71%
ytirsohhistory
71%
titlle igtnshlittle things
71%
oelv yuo bedygoolove you goodbye
71%
neo nightone thing
71%
lslit het oenstill the one
71%
sebt gons ervebest song ever
67%
losfo lodgfools gold
67%
plpiyahhappily
67%
ehy elagnhey angel
67%
ielv lwhie rewe uognylive while were young
67%
micagmagic
67%
hnitg csnaghenight changes
67%
adyre ot unrready to run
67%
taoyrmerp fxitemporary fix
67%
ecnhag uory kttiecchange your ticket
62%
andaidiana
62%
hsse nto dfariashes not afraid
62%
atnsd pustand up
62%
ogrsntstrong
62%
rthhugo het radkthrough the dark
62%
reehw od knober rhaset ogwhere do broken hearts go
62%
enco ni a teiimelfonce in a lifetime
57%
eorv iagnaover again
57%
tckomlhso eryodsnmstockholm syndrome
57%
lkwgnia ni teh ndiwwalking in the wind
57%
rilg ylmitathgirl almighty
52%
tiletl weith lesilittle white lies
52%
semmtonmoments
52%
reven hgenuonever enough
52%
avoilolivia
52%
smea tmessikasame mistakes
52%
tlruy dmlya peydletruly madly deeply
52%
tahw a filegenwhat a feeling
52%
vaeilalive
48%
heeygivrtn uotab uyoeverything about you
48%
pfrrooifefireproof
48%
nioilsulillusion
43%
dlcosuclouds
38%
mtgnseohi agertsomething great
38%
pcassespaces
38%
knteataken
38%
rnhaoet rdwloanother world
33%
rbtirselsiieirresistible
33%
bndyoo mpreoascnobody compares
33%

Score Distribution

Percentile by Number Answered

Percent of People with Each Score

Your Score History

You have not taken this quiz